000 00894nam a2200289Ia 4500
003 OSt
005 20220912151429.0
006 a|||||r|||| 00| 0
007 ta
008 220909b |||||||| |||| 00| 0 eng d
024 _a45143
037 _cTextual
040 _aCSL
_beng
_cCSL
041 _aeng
082 _aH0bD1, J7;5
100 _aKrynine Dimitri P
245 0 _aPrinciples of engineering geology and geotechnics: Geology soil and rock mechanics and REF earth science as used in civil engineering
260 _aNew York
_b McGraw-Hill Book
_c1957
300 _a729p.
_ccm.
490 _aMcGraw Hill classic textbook reissue series
650 _a Enginering geology
650 _a Geotechnic
650 _aGeology
700 _a Judd William R
942 _hH0bD1, J7;5
_cTEXL
_2CC
999 _c68439
_d68439